Giáo trình tâm lý học

Kaydedildi:
Detaylı Bibliyografya
Materyal Türü: Kitap
Dil:Undetermined
Baskı/Yayın Bilgisi: Hà Nội Giáo dục 2004
Konular:
Etiketler: Etiketle
Etiket eklenmemiş, İlk siz ekleyin!
Thư viện lưu trữ: Trung tâm Học liệu Trường Đại học Cần Thơ
LEADER 00465nam a2200181Ia 4500
001 CTU_87268
008 210402s9999 xx 000 0 und d
020 |c 24000 
082 |a 150 
082 |b Gi108 
245 0 |a Giáo trình tâm lý học 
260 |a Hà Nội 
260 |b Giáo dục 
260 |c 2004 
650 |a psychology 
650 |x outlines, syllabi, etc. 
904 |i Trúc 
980 |a Trung tâm Học liệu Trường Đại học Cần Thơ